000 00463nam a2200181Ia 4500
001 17986
005 20260306171557.0
008 260306s9999||||xx |||||||||||||| ||und||
041 _aESP
082 _a658.3
_bW57
100 _aWilliams, Richard S.
_eAUT
245 0 _aRendimiento del personal:
_bdiseño, implantación y gestión
260 _c2008
300 _axii, 254 páginas :
_c23 cm.
650 _aGEN
654 _aCAN
942 _cLIB
_dJUS
_fJUS
_2ddc
_n
999 _c17986
_d17986